NFL Superbowl Loser Leading Rusher - Statistics

General Stats
  • This quiz has been taken 30 times
  • The average score is 11 of 25
Answer Stats
Year Team Answer % Correct
2023 49ers Christian McCaffrey
100%
2014 Seahawks Marshawn Lynch
83%
2018 Rams Todd Gurley
78%
2021 Bengals Joe Mixon
74%
2001 Rams Marshall Faulk
74%
2012 49ers Frank Gore Sr.
65%
2024 Chiefs Kareem Hunt
65%
2022 Eagles Miles Sanders
57%
2005 Seahawks Shaun Alexander
57%
2000 Giants Tiki Barber
57%
2004 Eagles Brian Westbrook
48%
2016 Falcons Devonta Freeman
43%
2015 Panthers Jonathan Stewart
43%
2019 49ers Raheem Mostert
39%
2020 Chiefs Clyde Edwards-Helaire
35%
2009 Colts Joseph Addai
35%
2010 Steelers Rashard Mendenhall
35%
2013 Broncos Knowshon Moreno
26%
2011 Patriots BenJarvus Green-Ellis
17%
2008 Cardinals Edgerrin James
17%
2017 Patriots Dion Lewis
13%
2002 Raiders Charlie Garner
9%
2007 Patriots Laurence Maroney
9%
2003 Panthers Stephen Davis
4%
2006 Bears Thomas Jones
4%
No matching quizzes found
Score Distribution
Percent of People with Each Score
Percentile by Number Answered
Your Score History
You have not taken this quiz